[Event "Morbihan 2012"]
[Site "?"]
[Date "2011.11.19"]
[Round "2.2"]
[White "Georget, Patrice"]
[Black "Le Corre, Patrick"]
[Result "0-1"]
[WhiteElo "1713"]
[BlackElo "1948"]
[PlyCount "100"]
[EventDate "2011.??.??"]

1. d4 Nf6 2. c4 e6 3. Nc3 b6 4. Nf3 Bb7 5. e3 Be7 6. Be2 O-O 7. O-O d5 8. cxd5
exd5 9. Bd3 c5 10. Re1 Nc6 11. b3 Nb4 12. Bf1 Ne4 13. Bb2 Rc8 14. a3 Nc6 15.
Rc1 Nxc3 16. Bxc3 cxd4 17. exd4 Bxa3 18. Rc2 Re8 19. Ne5 Nxe5 20. dxe5 d4 21.
Bd2 Qd5 22. Ra2 Qc5 23. Bd3 a5 24. Qg4 Bb4 25. Rc2 Bc3 26. Qf5 g6 27. Qf4 Bd5
28. e6 Rxe6 29. Rxe6 Bxe6 30. Bc1 Qc7 31. Qf6 Qd8 32. Qe5 Qf8 33. h4 Bxb3 34.
Re2 Be6 35. Bg5 Rc5 36. Qe4 b5 37. g4 b4 38. h5 a4 39. Qf4 Rc6 40. Bh6 Qd8 41.
hxg6 fxg6 42. Qe5 Qd7 43. Bb5 d3 44. Bxc6 Bxe5 45. Bxd7 dxe2 46. Bxe6+ Kh8 47.
Bd2 Bc3 48. Bc4 a3 49. f4 Bxd2 50. Kf2 e1=Q+ 0-1

[Event "Morbihan 2012"]
[Site "?"]
[Date "2011.11.19"]
[Round "2.3"]
[White "Trélohan, Henri"]
[Black "Jolivel, Dominique"]
[Result "0-1"]
[WhiteElo "1676"]
[BlackElo "1902"]
[PlyCount "68"]
[EventDate "2011.??.??"]

1. c4 Nf6 2. Nc3 e5 3. g3 c6 4. Bg2 Be7 5. e3 O-O 6. Nge2 d6 7. O-O Na6 8. d4
exd4 9. exd4 Nc7 10. Nf4 Rb8 11. d5 c5 12. a4 Bg4 13. Nfe2 Na6 14. Na2 Qd7 15.
Re1 Rfe8 16. b3 h6 17. Bd2 Bf8 18. Be3 Nh7 19. Qd2 Nf6 20. Nec3 Nc7 21. Nb5 a6
22. Nxc7 Qxc7 23. Nc3 Qd7 24. Bf4 g5 25. Rxe8 Rxe8 26. Be3 Bg7 27. Re1 Bh3 28.
Bh1 Bf5 29. Qc1 Bg6 30. Bf3 Qf5 31. Bd1 Qh3 32. f3 Nh5 33. Bf2 Rxe1+ 34. Bxe1
Bd4+ 0-1

[Event "Morbihan 2012"]
[Site "?"]
[Date "2011.11.19"]
[Round "2.4"]
[White "Landais, Romain"]
[Black "Le Garrec, Maxime"]
[Result "0-1"]
[WhiteElo "1883"]
[BlackElo "1640"]
[PlyCount "60"]
[EventDate "2011.??.??"]

1. e4 c5 2. Nf3 e6 3. d4 cxd4 4. Nxd4 a6 5. Nc3 Nc6 6. Be3 Qc7 7. Be2 Nf6 8.
O-O Be7 9. f4 d6 10. g4 h6 11. g5 hxg5 12. fxg5 d5 13. Bf4 e5 14. gxf6 Nxd4 15.
fxe7 Nxe2+ 16. Qxe2 exf4 17. Nxd5 Qc5+ 18. Qf2 Qc4 19. Nb6 Qxe4 20. Nxa8 Bh3
21. Rfe1 Qg6+ 22. Kh1 Qc6+ 23. Kg1 Qg6+ 24. Qg3 fxg3 25. Re2 gxh2+ 26. Kf2 h1=Q
27. Rxh1 Qg2+ 28. Ke3 Qxh1 29. Kd2 Be6 30. Nc7+ Kxe7 0-1

[Event "Morbihan 2012"]
[Site "?"]
[Date "2011.11.19"]
[Round "2.5"]
[White "Le Lostec, Michaël"]
[Black "Le Corre, Yves"]
[Result "0-1"]
[WhiteElo "1630"]
[BlackElo "1860"]
[PlyCount "108"]
[EventDate "2011.??.??"]

1. g3 d5 2. Bg2 e5 3. d3 Nf6 4. Nf3 Nbd7 5. O-O c6 6. c4 Bd6 7. b3 Qe7 8. Bb2
O-O 9. e3 Re8 10. Nbd2 a5 11. a3 h6 12. Qc2 Nf8 13. e4 d4 14. Rfc1 Ne6 15. Nh4
g6 16. Rf1 Nf8 17. h3 N6h7 18. Rac1 Bxa3 19. Bxa3 Qxa3 20. f4 f6 21. f5 g5 22.
Nhf3 Nd7 23. Nh2 Nc5 24. Ra1 Qb4 25. Rfc1 Kg7 26. Bf3 Re7 27. Be2 Bd7 28. Qd1
Nf8 29. Rab1 Be8 30. Ng4 Nfd7 31. Nf2 Bf7 32. Rc2 Rh8 33. Bh5 Nf8 34. Rbb2 Qb6
35. Bxf7 Rxf7 36. Qb1 Nfd7 37. b4 axb4 38. Rxb4 Qc7 39. Nb3 Ra8 40. Nxc5 Nxc5
41. Ra2 Rff8 42. Kg2 Rfb8 43. Qa1 Qd8 44. Rbb2 Rxa2 45. Rxa2 Kf8 46. Qb1 Ke7
47. Ra5 Qxa5 48. Qd1 Qc3 49. Qh5 Nxd3 50. Qxh6 Rf8 51. Qg7+ Rf7 52. Qg8 Qb2 53.
Kf3 Qxf2+ 54. Kg4 Qe2# 0-1

[Event "Morbihan 2012"]
[Site "?"]
[Date "2011.11.19"]
[Round "2.6"]
[White "Annetti, Laurent"]
[Black "Potier, Pierre"]
[Result "1-0"]
[WhiteElo "1862"]
[BlackElo "1630"]
[PlyCount "65"]
[EventDate "2011.??.??"]

1. e4 e5 2. Nf3 Nc6 3. Bc4 Nf6 4. d4 d5 5. exd5 Nxd5 6. dxe5 Be6 7. O-O Be7 8.
Nd4 Nxd4 9. Qxd4 c6 10. Qe4 b5 11. Bb3 Qd7 12. Rd1 a5 13. a4 b4 14. c4 bxc3 15.
Nxc3 Nxc3 16. bxc3 Qc8 17. Bc2 Bd5 18. Qf4 O-O 19. c4 Be6 20. Ba3 c5 21. Bb2 h6
22. h4 Qa6 23. Bd3 Rad8 24. h5 Bg5 25. Qe4 f5 26. exf6 Rxd3 27. Qxd3 Bxc4 28.
Qd6 Qxd6 29. Rxd6 gxf6 30. g3 f5 31. Re1 Bb3 32. Rg6+ Kf7 33. Rg7# 1-0

[Event "Morbihan 2012"]
[Site "?"]
[Date "2011.11.19"]
[Round "2.7"]
[White "Sellin, Alain"]
[Black "Nicolas, Stéphane"]
[Result "0-1"]
[WhiteElo "1590"]
[BlackElo "1850"]
[PlyCount "98"]
[EventDate "2011.??.??"]

1. e4 d5 2. exd5 Nf6 3. Bc4 Nxd5 4. Nf3 Nc6 5. O-O Bg4 6. d4 e6 7. c3 Qf6 8.
Be2 Nf4 9. Bxf4 Qxf4 10. Nbd2 Bd6 11. g3 Qf6 12. Ne4 Qg6 13. Nxd6+ cxd6 14. Nh4
Bxe2 15. Qxe2 Qf6 16. f4 O-O 17. Rae1 a6 18. Nf3 Rac8 19. Ng5 d5 20. Qc2 g6 21.
Qg2 Na5 22. Qh3 Qg7 23. Re2 Rc6 24. Rfe1 Rfc8 25. Nf3 Nc4 26. Ne5 Rb6 27. Nxc4
Rxc4 28. Qg2 Rbc6 29. Qf2 b5 30. Rc2 b4 31. Rec1 a5 32. Qe3 bxc3 33. Rxc3 Qf8
34. b3 Rxc3 35. Rxc3 Rxc3 36. Qxc3 Qa3 37. Qc2 Qb4 38. Qc5 Qe1+ 39. Kg2 Qe2+
40. Kh3 Qh5+ 41. Kg2 Qe2+ 42. Kh3 Qxa2 43. Qc3 h5 44. Qf3 Qd2 45. g4 hxg4+ 46.
Qxg4 Qxd4 47. Qg5 Qe3+ 48. Kg4 Qg1+ 49. Kh4 Qxh2+ 0-1

[Event "Morbihan 2012"]
[Site "?"]
[Date "2011.11.19"]
[Round "2.8"]
[White "Cozic, Daniel"]
[Black "Rivalin, Patrick"]
[Result "0-1"]
[WhiteElo "1826"]
[BlackElo "1566"]
[PlyCount "156"]
[EventDate "2011.??.??"]

1. e4 e6 2. d4 d5 3. exd5 exd5 4. Nf3 Nf6 5. Be2 Be7 6. Bf4 O-O 7. O-O Bf5 8.
Nbd2 a6 9. Rc1 Re8 10. c4 dxc4 11. Bxc4 Bd6 12. Be3 Nc6 13. Qb3 Be6 14. Bxe6
Rxe6 15. d5 Nxd5 16. Qxb7 Na5 17. Qxd5 Bxh2+ 18. Kxh2 Qxd5 19. b3 h6 20. Rc5
Qd6+ 21. Kg1 Rxe3 22. Rxa5 Re2 23. Nc4 Qb4 24. Ra4 Qe7 25. Ne3 a5 26. Nf5 Qf6
27. N5d4 Re4 28. Rc4 c5 29. Rxc5 Rxd4 30. Nxd4 Qxd4 31. Rfc1 a4 32. R5c4 Qd3
33. R4c3 Qg6 34. Rc6 f6 35. R6c2 axb3 36. axb3 Rb8 37. Rb2 Rb4 38. Rcb1 Qd3 39.
f3 f5 40. Kf2 g5 41. Ke1 Kg7 42. Kf2 Kg6 43. Ke1 g4 44. Kf2 h5 45. Kg3 Kg5 46.
Kf2 Kf4 47. g3+ Kg5 48. f4+ Kf6 49. Kg2 Qf3+ 50. Kh2 h4 51. gxh4 Qxf4+ 52. Kg1
Qg3+ 53. Kf1 Rf4+ 54. Ke2 Rf2+ 55. Kd1 Rxb2 56. Rxb2 Qxh4 57. b4 Qh1+ 58. Kc2
Qg2+ 59. Kc3 Qxb2+ 60. Kxb2 g3 61. Kb3 g2 62. b5 Ke6 63. Ka4 g1=Q 64. Ka5 Kd7
65. Ka6 Kc7 66. Ka5 Qa7+ 67. Kb4 Kb6 68. Kc4 Qa4+ 69. Kd5 Qxb5+ 70. Kd4 Qd7+
71. Ke3 Qf7 72. Kf4 Kc5 73. Kf3 f4 74. Kf2 Kd4 75. Kf3 Kd3 76. Kf2 f3 77. Kf1
Qa2 78. Kg1 Qg2# 0-1

[Event "Morbihan 2012"]
[Site "?"]
[Date "2011.11.19"]
[Round "2.9"]
[White "Maréchal, Daniel"]
[Black "Hocher, Eugène"]
[Result "0-1"]
[WhiteElo "1500"]
[BlackElo "1765"]
[PlyCount "104"]
[EventDate "2011.??.??"]

1. d4 Nf6 2. c4 g6 3. Nc3 Bg7 4. Nf3 d6 5. Bf4 O-O 6. e3 c6 7. Bd3 Qa5 8. O-O
Bg4 9. h3 Bxf3 10. Qxf3 Nbd7 11. a3 e5 12. b4 Qc7 13. dxe5 dxe5 14. Bg3 Rfe8
15. Ne4 Nxe4 16. Bxe4 a5 17. Rab1 axb4 18. axb4 Ra3 19. Qe2 f5 20. Bc2 Nf6 21.
c5 Kh8 22. Qc4 Nd5 23. Bb3 Rf8 24. Qc1 Raa8 25. Bxd5 cxd5 26. Rd1 f4 27. exf4
exf4 28. Bh2 Qf7 29. Rd3 Qf5 30. Rf3 g5 31. Qd1 Qe4 32. Qd3 Qe5 33. Re3 Qf6 34.
Ree1 Qc6 35. f3 Rfe8 36. Kf1 Rxe1+ 37. Rxe1 Ra1 38. Bg1 Rxe1+ 39. Kxe1 Qe6+ 40.
Kd1 Qe5 41. Qc2 Qa1+ 42. Qc1 Qa4+ 43. Qc2 Qxb4 44. Qa2 Bd4 45. Qa8+ Kg7 46.
Bxd4+ Qxd4+ 47. Ke2 Qe3+ 48. Kd1 Qg1+ 49. Kc2 Qxc5+ 50. Kb3 Qc4+ 51. Ka3 Qa6+
52. Qxa6 bxa6 0-1

[Event "Morbihan 2012"]
[Site "?"]
[Date "2011.11.19"]
[Round "2.10"]
[White "Loizil, Joël"]
[Black "Josse, Emmanuelle"]
[Result "1-0"]
[WhiteElo "1715"]
[BlackElo "1439"]
[PlyCount "101"]
[EventDate "2011.??.??"]

1. e4 g6 2. d4 Bg7 3. Nf3 d6 4. Be2 Nf6 5. Qd3 Bg4 6. Be3 Nbd7 7. O-O Bxf3 8.
Bxf3 e5 9. c3 O-O 10. Nd2 h5 11. h3 Nh7 12. Be2 h4 13. f4 f6 14. Bg4 g5 15.
fxe5 fxe5 16. Nf3 Qe7 17. Bxd7 Qxd7 18. Nxg5 Bf6 19. Nf3 Qg7 20. Rad1 Rad8 21.
Qe2 Qg3 22. Bf2 Qf4 23. Qe1 Ng5 24. Nxg5 Qxg5 25. Rd3 Kh7 26. Be3 Qh5 27. Rf5
Qg6 28. Qf2 Qg3 29. Rxf6 Rxf6 30. Qxf6 Qe1+ 31. Qf1 Qg3 32. Qf7+ Qg7 33. Qxg7+
Kxg7 34. dxe5 Kg6 35. exd6 cxd6 36. Bf4 b6 37. Rxd6+ Rxd6 38. Bxd6 Kf6 39. Kf2
Ke6 40. e5 b5 41. Ke3 Kf5 42. Kd4 Ke6 43. Ke4 a5 44. b3 a4 45. c4 axb3 46. axb3
bxc4 47. bxc4 Kd7 48. Kd5 Kd8 49. e6 Ke8 50. c5 Kd8 51. c6 1-0

[Event "Morbihan 2012"]
[Site "?"]
[Date "2011.11.19"]
[Round "2.11"]
[White "Caderon, Michel"]
[Black "Lemoine, Norbert"]
[Result "1-0"]
[WhiteElo "2039"]
[BlackElo "1499"]
[PlyCount "40"]
[EventDate "2011.??.??"]

1. e4 e6 2. d4 d5 3. Nc3 Nf6 4. Bg5 Be7 5. e5 Nfd7 6. h4 h6 7. Bxe7 Qxe7 8. Qg4
g6 9. Nf3 c5 10. Nb5 h5 11. Qf4 O-O 12. O-O-O b6 13. Nc7 Ba6 14. Nxa8 Bxf1 15.
Rhxf1 Na6 16. c3 Rxa8 17. Rg1 Kg7 18. g4 hxg4 19. Rxg4 Nf8 20. Rdg1 Nh7 1-0

[Event "Morbihan 2012"]
[Site "?"]
[Date "2011.11.19"]
[Round "2.12"]
[White "Lagès, Michel"]
[Black "Raoul, Joël"]
[Result "1-0"]
[WhiteElo "1943"]
[BlackElo "1499"]
[PlyCount "69"]
[EventDate "2011.??.??"]

1. c4 c5 2. Nc3 e5 3. g3 Nf6 4. Bg2 d6 5. e3 Nc6 6. Nge2 Be7 7. O-O O-O 8. d4
Rb8 9. d5 Na5 10. b3 b6 11. f4 g6 12. Bd2 h5 13. e4 Kg7 14. fxe5 dxe5 15. Bg5
Nh7 16. Be3 Nb7 17. Qd2 Nd6 18. Kh1 Bg4 19. Bh6+ Kg8 20. Bxf8 Qxf8 21. h3 Bxe2
22. Qxe2 Qg7 23. a4 f6 24. Nb5 Nxb5 25. axb5 Rb7 26. h4 Bd6 27. Bh3 Kh8 28. Qf3
Rf7 29. Be6 Rf8 30. Ra2 Be7 31. Rxa7 f5 32. exf5 Qf6 33. Qe2 Bd6 34. Kg2 g5 35.
Qxh5 1-0

[Event "Morbihan 2012"]
[Site "?"]
[Date "2011.11.19"]
[Round "2.13"]
[White "Cozic, Matthias"]
[Black "Pascot, Jean"]
[Result "0-1"]
[WhiteElo "1490"]
[BlackElo "1876"]
[PlyCount "54"]
[EventDate "2011.??.??"]

1. e4 e5 2. Nf3 Nc6 3. Bc4 Nf6 4. Nc3 Bc5 5. d3 h6 6. Be3 Bb6 7. O-O O-O 8. Re1
d6 9. h3 Be6 10. Bb3 Qd7 11. d4 exd4 12. Nxd4 Bxb3 13. axb3 Ne5 14. f4 Ng6 15.
f5 Ne5 16. Nf3 Rae8 17. Bxb6 axb6 18. Re3 Nc6 19. Qd3 Nb4 20. Qd2 Qc6 21. Rc1
Qc5 22. Na4 Nxe4 23. Qe1 Qxf5 24. Qxb4 Ng3 25. Rxe8 Rxe8 26. Qg4 Qxg4 27. hxg4
Ne2+ 0-1

[Event "Morbihan 2012"]
[Site "?"]
[Date "2011.11.19"]
[Round "2.14"]
[White "Le Coz, Yannick"]
[Black "Thébaut, Hervé"]
[Result "0-1"]
[WhiteElo "1648"]
[BlackElo "1490"]
[PlyCount "96"]
[EventDate "2011.??.??"]

1. e4 d5 2. e5 d4 3. d3 c5 4. f4 Nc6 5. Be2 Bf5 6. g4 Bd7 7. h4 e6 8. Na3 Be7
9. Nf3 Nh6 10. Ng5 Nb4 11. c3 Nd5 12. c4 Nb4 13. Nc2 Bc6 14. Rh2 Nxc2+ 15. Qxc2
Qc7 16. Bd2 O-O-O 17. O-O-O Qd7 18. Rg1 Rdg8 19. Ba5 b6 20. Bd2 f6 21. Nf3 Qb7
22. Rf2 Nf7 23. g5 fxg5 24. fxg5 Qc7 25. Bf4 Rf8 26. Qd2 Bxf3 27. Bxf3 Nxe5 28.
Bh1 Nxd3+ 29. Qxd3 Rxf4 30. Qg3 Bd6 31. Qg2 Kd7 32. Rxf4 Bxf4+ 33. Kd1 Rf8 34.
Qe4 Be3 35. Re1 g6 36. Kc2 Rf4 37. Qd3 Rxh4 38. Rxe3 Rxh1 39. Re2 Rh2 40. Qe4
Rxe2+ 41. Qxe2 Qf4 42. Qg2 Qc7 43. Qh3 Kd6 44. Qg3+ e5 45. Qf3 Qe7 46. Qg3 Qf7
47. Kb3 Qf4 48. Qh2 Qxh2 0-1

[Event "Morbihan 2012"]
[Site "?"]
[Date "2011.11.19"]
[Round "2.15"]
[White "Malry, Celia"]
[Black "Barton, Robin"]
[Result "1-0"]
[WhiteElo "1480"]
[BlackElo "1590"]
[PlyCount "55"]
[EventDate "2011.??.??"]

1. c4 f5 2. e3 Nf6 3. g3 e6 4. Bg2 d5 5. Qc2 c6 6. Nf3 Bd6 7. d4 O-O 8. O-O
Nbd7 9. b3 Ne4 10. Bb2 b6 11. Nbd2 Bb7 12. Rac1 Rc8 13. Nxe4 fxe4 14. Ne5 Nxe5
15. dxe5 Bc7 16. Bh3 Qe8 17. Qe2 Rf3 18. Bg4 Rf8 19. cxd5 cxd5 20. f3 Bc6 21.
a4 b5 22. fxe4 Rxf1+ 23. Qxf1 bxa4 24. bxa4 dxe4 25. Qa6 Bb6 26. Bd4 Bxd4 27.
exd4 Qd7 28. d5 1-0

[Event "Morbihan 2012"]
[Site "?"]
[Date "2011.11.19"]
[Round "2.16"]
[White "Le Deventec, Antoine"]
[Black "Bezy, Bernard"]
[Result "0-1"]
[WhiteElo "1450"]
[BlackElo "1570"]
[PlyCount "96"]
[EventDate "2011.??.??"]

1. d4 f5 2. Nf3 d6 3. Bf4 Nf6 4. Nc3 g6 5. e3 Bg7 6. Bc4 a6 7. Qd3 d5 8. Bb3
O-O 9. Be5 c6 10. Bxf6 Bxf6 11. e4 fxe4 12. Nxe4 Bg7 13. Ng3 Bf5 14. Nxf5 Rxf5
15. c3 Nd7 16. Bc2 e5 17. Qe2 Rf7 18. O-O-O e4 19. Nd2 Qg5 20. g3 Raf8 21. Rhf1
Bh6 22. h4 Qf6 23. Kb1 Qe7 24. f4 Qe6 25. Rh1 Nf6 26. Rde1 b5 27. Bd1 Ra8 28.
g4 Bxf4 29. g5 Nh5 30. Qg2 Ng7 31. Nxe4 dxe4 32. Rxe4 Qd6 33. Bb3 Raf8 34. Rhe1
Kh8 35. Bxf7 Rxf7 36. Qf3 Rf5 37. Qe2 Bg3 38. Rf1 Rxf1+ 39. Qxf1 Nf5 40. Qe2
Bxh4 41. Re6 Qd5 42. Re8+ Kg7 43. Ra8 Bxg5 44. Qe8 Qh1+ 45. Kc2 Ne3+ 46. Kd3
Qb1+ 47. Ke2 Qxb2+ 48. Kf3 Qg2# 0-1

[Event "Morbihan 2012"]
[Site "?"]
[Date "2011.11.19"]
[Round "2.17"]
[White "Reymond, Stéphane"]
[Black "Georget, Aymeric"]
[Result "1-0"]
[WhiteElo "1560"]
[BlackElo "1430"]
[PlyCount "43"]
[EventDate "2011.??.??"]

1. e4 e5 2. Nf3 Nf6 3. Nxe5 Qe7 4. Nf3 Qxe4+ 5. Be2 Bd6 6. d3 Qc6 7. Nc3 O-O 8.
O-O b6 9. Be3 Bb7 10. Nh4 Bb4 11. Bf3 d5 12. Nf5 Qd7 13. Ng3 Nc6 14. Bg5 Bxc3
15. bxc3 Qd6 16. d4 Na5 17. Re1 Nc4 18. Nf5 Qd7 19. Bg4 Nxg4 20. Qxg4 Kh8 21.
Bf6 Rg8 22. Bxg7+ 1-0

[Event "Morbihan 2012"]
[Site "?"]
[Date "2011.11.19"]
[Round "2.18"]
[White "Le Gal, Loïc"]
[Black "Audren, Jean"]
[Result "1-0"]
[WhiteElo "1510"]
[BlackElo "1440"]
[PlyCount "60"]
[EventDate "2011.??.??"]

1. c4 e5 2. g3 Nf6 3. Bg2 c6 4. e3 d5 5. Qc2 dxc4 6. Qxc4 Be6 7. Qc2 Qb6 8. Ne2
Be7 9. O-O O-O 10. d4 exd4 11. exd4 Bd5 12. Nbc3 Bxg2 13. Kxg2 Nbd7 14. Bg5 Qa5
15. Ne4 h6 16. Bd2 Qh5 17. Nf4 Qb5 18. Nc3 Qb6 19. d5 cxd5 20. Ncxd5 Nxd5 21.
Nxd5 Qd6 22. Qe4 Bf6 23. Bb4 Nc5 24. Nxf6+ Qxf6 25. Bxc5 Rfe8 26. Qxb7 a6 27.
Rfe1 Rac8 28. Rac1 Rxe1 29. Qxc8+ Kh7 30. Rxe1 Qxb2 1-0

[Event "Morbihan 2012"]
[Site "?"]
[Date "2011.11.05"]
[Round "2.19"]
[White "Biderbost, Marc"]
[Black "Andal, Thomas"]
[Result "1-0"]
[WhiteElo "1499"]
[BlackElo "1199"]
[PlyCount "65"]
[EventDate "2011.??.??"]

1. d4 d5 2. Nf3 Nf6 3. Bf4 Nc6 4. e3 Bf5 5. Nbd2 e6 6. Bd3 Bxd3 7. cxd3 Bb4 8.
a3 Bd6 9. Bxd6 Qxd6 10. Qa4 O-O 11. e4 e5 12. dxe5 Nxe5 13. Nxe5 Qxe5 14. O-O-O
Rfe8 15. f3 Nd7 16. d4 Qe6 17. e5 c5 18. Nb3 cxd4 19. Qxd4 Nxe5 20. Qxd5 Qxd5
21. Rxd5 Rad8 22. Rhd1 Rxd5 23. Rxd5 Rc8+ 24. Kb1 f6 25. f4 Nc4 26. Rd7 Ne3 27.
g3 Rb8 28. Nc5 b6 29. Ne6 Re8 30. Nxg7 Ra8 31. Nh5 f5 32. Nf6+ Kh8 33. Rxh7#
1-0

[Event "Morbihan 2012"]
[Site "?"]
[Date "2011.11.19"]
[Round "2.20"]
[White "Cheneau, Lionel"]
[Black "Brumant, Guy"]
[Result "1-0"]
[WhiteElo "1400"]
[BlackElo "1499"]
[PlyCount "129"]
[EventDate "2011.??.??"]

1. e4 e6 2. Nf3 d5 3. e5 Be7 4. d4 f6 5. Bd3 fxe5 6. Nxe5 Nf6 7. Bg5 O-O 8.
Bxf6 Rxf6 9. Qh5 Rh6 10. Qf7+ Kh8 11. Qf3 Qf8 12. Qxf8+ Bxf8 13. Nf7+ Kg8 14.
Nxh6+ gxh6 15. O-O Nc6 16. c3 e5 17. Nd2 exd4 18. cxd4 Nxd4 19. Rfe1 Bd7 20.
Rac1 Rc8 21. f4 c6 22. Nf3 c5 23. b3 a6 24. Ne5 Bb5 25. Bxb5 axb5 26. Kf2 b6
27. g4 Re8 28. Rg1 Bd6 29. Rge1 Re7 30. h4 Rg7 31. Re3 Re7 32. Nd3 Kf7 33.
Rxe7+ Bxe7 34. Ne5+ Kf8 35. Nd7+ Ke8 36. Nxb6 Bxh4+ 37. Kg2 Ne2 38. Rxc5 Nxf4+
39. Kf3 Ne6 40. Rxd5 Ng5+ 41. Kg2 Ne6 42. Rxb5 Bd8 43. Nd5 Nc7 44. Nxc7+ Bxc7
45. a4 Kd8 46. a5 Kc8 47. a6 Bb8 48. Rc5+ Kd8 49. b4 Ba7 50. Rd5+ Kc8 51. b5
Kb8 52. Rd7 Kc8 53. Rxh7 Kb8 54. Rxh6 Kc7 55. Rh7+ Kb6 56. g5 Kxb5 57. Rh6 Bb6
58. g6 Kxa6 59. g7 Kb5 60. g8=Q Bc5 61. Qb8+ Kc4 62. Rh4+ Kd5 63. Qb3+ Kd6 64.
Qc4 Kc6 65. Rh5 1-0

[Event "Morbihan 2012"]
[Site "?"]
[Date "2011.11.19"]
[Round "2.21"]
[White "Gautier, Marc"]
[Black "Cheneau, Alain"]
[Result "1-0"]
[WhiteElo "1499"]
[BlackElo "1040"]
[PlyCount "77"]
[EventDate "2011.??.??"]

1. e4 e5 2. Nf3 Nf6 3. Nc3 Nc6 4. Bb5 Bb4 5. d3 a6 6. Ba4 O-O 7. O-O d6 8. Bd2
Bg4 9. h3 Be6 10. a3 Bc5 11. Ne2 b5 12. Bb3 d5 13. exd5 Bxd5 14. Ng3 Qd7 15.
Re1 Rae8 16. Ne4 Bxe4 17. dxe4 Na5 18. Bxa5 Qc6 19. Bd5 Qd7 20. Bc3 Bd6 21. b4
c6 22. Bb3 Re7 23. Bb2 Qc7 24. c4 Rd7 25. Qc2 c5 26. cxb5 axb5 27. bxc5 Bxc5
28. Bxe5 Qb6 29. Rac1 Bxf2+ 30. Qxf2 Qb7 31. Bxf6 gxf6 32. Qh4 Qb6+ 33. Kh1 f5
34. Ng5 Kg7 35. Qxh7+ Kf6 36. Qh6+ Ke7 37. exf5+ Kd8 38. Qxb6+ Rc7 39. Qxc7#
1-0

[Event "Morbihan 2012"]
[Site "?"]
[Date "2011.11.19"]
[Round "2.22"]
[White "Noël, Yannick"]
[Black "Gautier, Paul"]
[Result "0-1"]
[WhiteElo "1199"]
[BlackElo "1499"]
[PlyCount "110"]
[EventDate "2011.??.??"]

1. e4 c5 2. Nf3 d6 3. Nc3 Nc6 4. d4 cxd4 5. Nxd4 Nf6 6. Bb5 Bd7 7. Nf3 g6 8.
O-O Rc8 9. Bxc6 Bxc6 10. e5 dxe5 11. Qxd8+ Rxd8 12. Nxe5 Be4 13. Be3 a6 14.
Rac1 Bg7 15. Rfd1 Rxd1+ 16. Nxd1 O-O 17. Nc3 Rd8 18. f3 Bf5 19. g4 Be6 20. a3
Ne8 21. Kf1 Bxe5 22. Rd1 Rxd1+ 23. Nxd1 Bxh2 24. Bc5 Kf8 25. Nc3 Be5 26. Ne4
Bxb2 27. Ng5 Bc4+ 28. Kf2 Nf6 29. Nh3 Nd7 30. Bb4 Bd4+ 31. Ke1 Bc5 32. Bxc5
Nxc5 33. Kd2 b5 34. Kc3 Ne6 35. Kb4 Nd4 36. c3 Nc2+ 37. Ka5 Nxa3 38. Kb4 Nc2+
39. Ka5 Ne1 40. Ng1 f5 41. g5 Kg7 42. f4 h6 43. Nh3 h5 44. Kb6 Bf1 45. Nf2 h4
46. Nd1 h3 47. Kxa6 b4+ 48. Ka5 bxc3 49. Nxc3 h2 50. Nd5 h1=Q 51. Nxe7 Qa8+ 52.
Kb6 Qd8+ 53. Kc6 Qxe7 54. Kd5 Qd7+ 55. Ke5 Nd3# 0-1

[Event "Morbihan 2012"]
[Site "?"]
[Date "2011.12.03"]
[Round "3.1"]
[White "Duplessy, Franck"]
[Black "Nicolas, Stéphane"]
[Result "1-0"]
[WhiteElo "2078"]
[BlackElo "1850"]
[PlyCount "57"]
[EventDate "2011.??.??"]

1. e4 d5 2. exd5 Nf6 3. Nc3 Nxd5 4. Bc4 Nxc3 5. Qf3 e6 6. Qxc3 Nc6 7. Nf3 Qf6
8. Qe3 Bd6 9. d4 O-O 10. O-O e5 11. dxe5 Nxe5 12. Nxe5 Bxe5 13. Qb3 b6 14. Re1
Bb7 15. Rb1 Bxh2+ 16. Kxh2 Qxf2 17. Qg3 Qxc2 18. Bd3 Qc5 19. Re5 Qd6 20. Bf4
Qf6 21. Bg5 Qd6 22. Bf4 Qf6 23. Rf1 Rfe8 24. Rh5 Be4 25. Bc4 Bg6 26. Be5 Qc6
27. Bxf7+ Kh8 28. Bxg6 Rxe5 29. Rxh7+ 1-0

[Event "Morbihan 2012"]
[Site "?"]
[Date "2011.12.03"]
[Round "3.2"]
[White "Le Corre, Patrick"]
[Black "Hocher, Eugène"]
[Result "1-0"]
[WhiteElo "1948"]
[BlackElo "1755"]
[PlyCount "69"]
[EventDate "2011.??.??"]

1. d4 d5 2. c4 c6 3. Nc3 Nf6 4. Nf3 e6 5. Bg5 Be7 6. e3 O-O 7. Bd3 Nbd7 8. Qc2
Re8 9. Rc1 h6 10. Bh4 g5 11. Bg3 Nh5 12. Ne5 Nxe5 13. dxe5 Kg7 14. Qe2 Nxg3 15.
hxg3 Qc7 16. f4 Rh8 17. Kf2 Bd7 18. cxd5 exd5 19. Nxd5 Qd8 20. Nc3 Qa5 21. a3
Raf8 22. Rcd1 Qc7 23. Bb1 Qc8 24. Qc2 Bg4 25. Rd2 Rd8 26. Rxd8 Qxd8 27. Ne2 Qd5
28. Rd1 Qa5 29. Qe4 Bh5 30. Rd7 Qb5 31. Bd3 Qc5 32. b4 gxf4 33. bxc5 fxe3+ 34.
Kf1 Bxc5 35. e6 1-0

[Event "Morbihan 2012"]
[Site "?"]
[Date "2011.12.03"]
[Round "3.3"]
[White "Jolivel, Dominique"]
[Black "Loizil, Joël"]
[Result "1/2-1/2"]
[WhiteElo "1902"]
[BlackElo "1715"]
[PlyCount "102"]
[EventDate "2011.??.??"]

1. d4 e6 2. Nf3 b6 3. e4 Bb7 4. Bd3 c5 5. c3 cxd4 6. cxd4 Nf6 7. e5 Ne4 8. O-O
f5 9. Qe2 Be7 10. Nbd2 Ng5 11. Nxg5 Bxg5 12. f4 Be7 13. Qh5+ g6 14. Qh6 Bf8 15.
Qh3 Kf7 16. Nf3 Kg7 17. Be3 Na6 18. a3 Nc7 19. Rae1 Be7 20. g4 Rc8 21. gxf5
exf5 22. Rc1 Ne6 23. Rxc8 Qxc8 24. Rc1 Qd8 25. Kf2 Rg8 26. Bc4 d5 27. Bd3 Kh8
28. Qf1 Bc8 29. Ba6 Bxa6 30. Qxa6 Qb8 31. Qb5 Rd8 32. Qc6 Ng7 33. Rc2 Kg8 34.
Rc3 Qa8 35. Qc7 Kf8 36. Rc1 Ne8 37. Qc2 h6 38. Qc3 Kf7 39. Rc2 Qb8 40. Ne1 Qb7
41. Nf3 Qa8 42. Ke2 Qb7 43. Bd2 Qd7 44. Kf2 Qb7 45. Kg2 Qd7 46. Bc1 Qb7 47. b4
Rd7 48. Qb3 Ke6 49. Qa4 Rc7 50. Rxc7 Nxc7 51. Qc2 a6 1/2-1/2

[Event "Morbihan 2012"]
[Site "?"]
[Date "2011.12.03"]
[Round "3.4"]
[White "Le Garrec, Maxime"]
[Black "Annetti, Laurent"]
[Result "1/2-1/2"]
[WhiteElo "1640"]
[BlackElo "1862"]
[PlyCount "75"]
[EventDate "2011.??.??"]

1. e4 e5 2. Nf3 Nc6 3. Bb5 f5 4. d3 fxe4 5. dxe4 Nf6 6. Qd3 Bc5 7. O-O d6 8.
Be3 Bxe3 9. Qxe3 O-O 10. Bxc6 bxc6 11. Nbd2 Qe7 12. c4 c5 13. b3 Bd7 14. Ne1
Nh5 15. Nd3 g5 16. f3 Rf7 17. Rf2 Ng7 18. Rc1 a5 19. Rb1 Ne6 20. Ne1 Rff8 21.
Qd3 Nd4 22. Nc2 Rab8 23. Nf1 Kh8 24. Nfe3 c6 25. Nxd4 cxd4 26. Nc2 c5 27. Qd2
Ra8 28. Ne1 Rfb8 29. Nd3 Be6 30. Qc2 Qf7 31. Qd1 a4 32. Rfb2 axb3 33. axb3 Ra3
34. Nc1 Qf4 35. Kh1 g4 36. Nd3 Qg5 37. Qf1 Rf8 38. Rf2 1/2-1/2

[Event "Morbihan 2012"]
[Site "?"]
[Date "2011.12.03"]
[Round "3.5"]
[White "Le Corre, Yves"]
[Black "Rivalin, Patrick"]
[Result "1-0"]
[WhiteElo "1860"]
[BlackElo "1566"]
[PlyCount "63"]
[EventDate "2011.??.??"]

1. d4 d5 2. c4 c6 3. Nc3 Nf6 4. Nf3 e6 5. Bg5 Be7 6. e3 Ng4 7. Bf4 h6 8. Qc2
Bd6 9. Bg3 b6 10. Bd3 dxc4 11. Bxc4 Ba6 12. b3 Bxg3 13. hxg3 Bxc4 14. bxc4 Na6
15. Qe4 Nf6 16. Qxc6+ Nd7 17. Ne5 Nb4 18. Qxd7+ Qxd7 19. Nxd7 Nc2+ 20. Kd2 Nxa1
21. Ne5 f6 22. Ng6 Rg8 23. Rxa1 Rc8 24. Kd3 Kf7 25. Nf4 e5 26. Nfd5 Rge8 27. a4
Re6 28. a5 Rec6 29. axb6 axb6 30. Ra7+ Ke6 31. Re7+ Kd6 32. Ne4# 1-0

[Event "Morbihan 2012"]
[Site "?"]
[Date "2011.12.03"]
[Round "3.6"]
[White "Bezy, Bernard"]
[Black "Caderon, Michel"]
[Result "0-1"]
[WhiteElo "1560"]
[BlackElo "2039"]
[PlyCount "60"]
[EventDate "2011.??.??"]

1. b4 a5 2. b5 d5 3. a4 e5 4. Ba3 Bd6 5. e3 Nf6 6. c4 c5 7. bxc6 bxc6 8. cxd5
Bxa3 9. Nxa3 cxd5 10. Ne2 Ba6 11. Nb5 d4 12. Rc1 Bxb5 13. axb5 O-O 14. Qa4 dxe3
15. fxe3 Nbd7 16. Ng3 Nb6 17. Qa3 Re8 18. Nf5 Qd7 19. Nd6 Red8 20. Rc6 Nbd5 21.
Bc4 Nb4 22. Qb3 Nxc6 23. Nxf7 Qxd2+ 24. Kf1 Qd1+ 25. Qxd1 Rxd1+ 26. Kf2 Rxh1
27. bxc6 Rc1 28. Nd6+ Rxc4 29. Nxc4 a4 30. Nd6 Ne8 0-1